All countries that didn´t fought in a World War - Statistics

General Stats
  • This quiz has been taken 21 times
  • The average score is 4 of 9
Answer Stats
Hint Answer % Correct
1 Switzerland
94%
3 Spain
72%
2 Sweden
67%
4 Ireland
56%
8 Afghanistan
39%
9 Nepal
28%
6 Paraguay
28%
7 Costa Rica
17%
5 Lichtenstein
6%
No matching quizzes found
Score Distribution
Percent of People with Each Score
Percentile by Number Answered
Your Score History
You have not taken this quiz